Football Teams Edgar Davids Played For - Statistics

General Stats
  • This quiz has been taken 45 times
  • The average score is 7 of 9
Answer Stats
League Years Team % Correct
Netherlands 1991-1996 AFC Ajax
100%
Netherlands 2007-2008 AFC Ajax
100%
Italy 1998-2004 Juventus FC
95%
Italy 1996-1998 AC Milan
93%
Spain 2004 FC Barcelona
88%
Italy 2004-2005 Inter
88%
England 2005-2007 Tottenham Hotspur
60%
England 2010 Crystal Palace
26%
England 2012-2014 Barnet FC
24%
No matching quizzes found
Score Distribution
Percent of People with Each Score
Percentile by Number Answered
Your Score History
You have not taken this quiz